Finančný slovník
Guardado en:
| Autor principal: | |
|---|---|
| Formato: | Libro |
| Lenguaje: | eslovaco |
| Publicado: |
Bratislava
Pravda
1972
|
| Edición: | 1. vyd. |
| Materias: | |
| Acceso en línea: | Ver en el OPAC |
| Etiquetas: |
Sin Etiquetas, Sea el primero en etiquetar este registro!
|
MARC
| LEADER | 00000nam a2200000 a 4500 | ||
|---|---|---|---|
| 005 | 20260127134024.0 | ||
| 008 | 080314s1972 xo slo d | ||
| 020 | |c 31.00 | ||
| 035 | |a vtls009208369 | ||
| 035 | |a LVTK16692 | ||
| 039 | 9 | |a 200809161206 |b mschk03 |y 200803141339 |z VLOAD | |
| 040 | |a LVTK |b slo |c LVTK |d STUSCHK1 | ||
| 041 | 0 | |a slo | |
| 080 | |a 366(02) | ||
| 245 | 1 | |a Finančný slovník |c Michal Pancák | |
| 250 | |a 1. vyd. | ||
| 260 | |a Bratislava |b Pravda |c 1972 | ||
| 300 | |a 429 s. viaz. | ||
| 650 | 0 | 7 | |a ekonomika |2 LVTK |
| 650 | 0 | 7 | |a slovníky |2 LVTK |
| 700 | 1 | |a Pancák, Michal |4 aut | |
| 910 | |a lvtk | ||
| 910 | |a SCHK95 | ||
| 999 | |c 2256 |d 2256 | ||